| 000 | 01233nam0a22002651 4500 | ||
|---|---|---|---|
| 001 | v19\rc\1505857 | ||
| 005 | 20260406161021.0 | ||
| 035 | _a(NLR Aleph) 005233030 | ||
| 090 |
_a5625485 _c5625485 |
||
| 100 | _a20060620d1883 |||y0rusy50 ca | ||
| 101 | 0 | _arus | |
| 102 | _aRU | ||
| 105 | _ay z ||||| | ||
| 200 | 1 |
_aСлово, в день священного венчания и святого миропомазания государя императора Александра Александровича _eПроизнес в церкви при гимназии Человеколюбивого о-ва прот. Иоанн Полисадов 15 мая 1883 г. |
|
| 210 |
_aСанкт-Петербург _cтип. А.М. Котомина и К° _d1883 |
||
| 215 | _a[2], 8 с. | ||
| 700 | 1 |
_aПолисадов _bИ. Н. _f1823-1886 _gИоанн Никитич |
|
| 702 | 0 |
_4280 _7ca _8rus _aАлександр _cимператор российский _dIII _f1845-1894 _9118533 _3RU\NLR\AUTH\778634 |
|
| 801 | 2 |
_aRU _bNLR _c20070613 _2rusmarc |
|
| 801 | 0 |
_aRU _bNLR _c20060620 _gpsbo |
|
| 801 | 0 |
_aRU _bRuMoRGB _c20060620 _2psbo |
|
| 801 | 1 |
_aRU _bProSoft-M _c20060620 _2rusmarc |
|
| 852 |
_aNLR _j18.159.1.309 |
||
| 942 | _cBOOK | ||
| 980 | _aNB | ||